El deber de prevención y su regulación en el Código Civil y Comercial de la Nación (Registro nro. 31691)
[ vista simple ]
| 000 -LEADER | |
|---|---|
| fixed length control field | 00374 a2200109 4500 |
| 001 - CONTROL NUMBER | |
| control field | ART_42682 |
| 005 - DATE AND TIME OF LATEST TRANSACTION | |
| control field | 20260410162006.0 |
| 008 - FIXED-LENGTH DATA ELEMENTS--GENERAL INFORMATION | |
| fixed length control field | 260409a |
| 100 1# - MAIN ENTRY--PERSONAL NAME | |
| Personal name | Weingarten, Celia |
| 245 10 - TITLE STATEMENT | |
| Title | El deber de prevención y su regulación en el Código Civil y Comercial de la Nación |
| 773 0# - HOST ITEM ENTRY | |
| Title | Temas de derecho civil |
| Related parts | - Año 3, Nº 7 (jul. 2017) |
| Record control number | REV34778 |
No hay ítems disponibles.